|
|
|
|
| LEADER |
00710nam a2200193 4500 |
| 020 |
|
|
|c 1550
|
| 082 |
|
|
|a 658.3 DEO
|
| 100 |
|
|
|a Deolankar, Vivek Ed.
|
| 245 |
|
|
|a Talent management for international competitiveness : human resource management perspective
|c Deolankar, Vivek Ed.
|
| 250 |
|
|
|
| 260 |
|
|
|a Commonwealth Publishers, New Delhi
|c 2012
|
| 300 |
|
|
|a 375 p
|
| 490 |
|
|
|
| 500 |
|
|
|
| 590 |
|
|
|a Kerala Book Distributors
|b KBD- 107 dtd 14 / 8/2013
|
| 650 |
|
|
|a Personnel/Human resources management--HRM--
|
| 942 |
|
|
|c BK
|
| 999 |
|
|
|c 146002
|d 146002
|
| 952 |
|
|
|0 0
|1 0
|4 0
|6 658_300000000000000_DEO
|7 0
|9 159462
|a IMK
|b IMK
|d 2020-08-26
|g 1550.00
|l 1
|o 658.3 DEO
|p IMK12364
|q 2020-09-09
|r 2020-08-26
|s 2020-08-26
|w 2019-10-25
|y BK
|